| 000 | 01393nam a2200397Ii 4500 | ||
|---|---|---|---|
| 001 | DIGSLX1351 | ||
| 003 | NyNyDIG | ||
| 006 | m o d | ||
| 007 | cr ||||||||||| | ||
| 008 | 100625s2010 sp a ob 000 0bspa d | ||
| 020 | _z9788477374077 | ||
| 035 | _a(OCoLC)888278368 | ||
| 040 |
_aDGITA _beng _epn _cDGITA |
||
| 043 | _ae-fr--- | ||
| 050 | 1 | 4 | _aDC203 eBook |
| 100 | 1 |
_aMoreno Alonso, Manuel, _d1951- |
|
| 245 | 1 | 0 |
_aNapoleón : _bde ciudadano a emperador / _cManuel Moreno Alonso. |
| 264 | 1 |
_aMadrid : _bSílex, _c2010. |
|
| 300 |
_a1 online resource (411 pages) : _bill. |
||
| 336 |
_atext _btxt _2rdacontent |
||
| 337 |
_acomputer _bc _2rdamedia |
||
| 338 |
_aonline resource _bcr _2rdacarrier |
||
| 490 | 1 | _aSerie Historia | |
| 500 | _a1a ed. 2005. 1a reimpresión 2010. | ||
| 504 | _aIncludes bibliographical references (p.393-403) and index. | ||
| 600 | 0 | 0 |
_aNapoleon _bI, _cEmperor of the French, _d1769-1821 |
| 650 | 0 |
_aEmperors _zFrance _vBiography. |
|
| 651 | 0 |
_aFrance _xHistory _yConsulate and First Empire, 1799-1815. |
|
| 655 | 0 | _aElectronic books. | |
| 791 | 2 |
_aDigitalia (Firm), _edistributor. |
|
| 830 | 0 | _aSerie Historia (Sílex (Firm : Madrid, Spain)) | |
| 793 | 0 |
_gDigitalia eBook Collection: _aSílex. |
|
| 856 | 4 | 0 |
_3Digitalia Hispánica _uhttps://www.digitaliapublishing.com/a/1340/ |
| 910 | _aPremium Collection: 2007-2012 | ||
| 942 | _cRAA | ||
| 999 |
_c230161 _d230161 |
||